| 000 | 00728cab a2200217 4500 | ||
|---|---|---|---|
| 001 | WB2617-46 | ||
| 008 | 090401t1990 xxu||||| |||| 00| 0 eng d | ||
| 035 | _a(Sirsi) u46475 | ||
| 041 | _aeng | ||
| 245 | _aYard rapped over property management | ||
| 260 | _c1990 | ||
| 350 | _a0 | ||
| 490 |
_aDaily Telegraph _v27/4/90 p4 |
||
| 520 | _aA report by the Commons Public Accounts Committee has criticised Scotland Yard for mis management of its property and called for a "vigorous and sustained programme of rationalisation, replacement and refurbishment". | ||
| 650 | _aESTATE | ||
| 650 | _aMETROPOLITAN POLICE | ||
| 650 | _aPOLICE STATIONS | ||
| 690 | _aPROPERTY LAW AND PRACTICE | ||
| 942 | _n0 | ||
| 948 | _c04/03/1997 | ||
| 999 |
_c29408 _d29408 |
||